Okul öncesi eğitimde yaratıcı drama ve oyun destekli beslenme eğitimi (Record no. 20733)

000 -LEADER
fixed length control field 00980nmm a2200301 a 4500
001 - CONTROL NUMBER
control field ocm0002146796
003 - CONTROL NUMBER IDENTIFIER
control field TR-IsHL
005 - DATE AND TIME OF LATEST TRANSACTION
control field 20201028183847.0
008 - FIXED-LENGTH DATA ELEMENTS--GENERAL INFORMATION
fixed length control field 190424s2014 tu tur
007 - PHYSICAL DESCRIPTION FIXED FIELD--GENERAL INFORMATION
fixed length control field cr cn
020 ## - INTERNATIONAL STANDARD BOOK NUMBER
International Standard Book Number 9786059023047
035 ## - SYSTEM CONTROL NUMBER
System control number 2146796
-- (N$T)
050 04 - LIBRARY OF CONGRESS CALL NUMBER
Classification number LB1139.3.S23
Item number O38 2014
090 04 - LOCALLY ASSIGNED LC-TYPE CALL NUMBER (OCLC); LOCAL CALL NUMBER (RLIN)
Classification number (OCLC) (R) ; Classification number, CALL (RLIN) (NR) LB1139.3.S23
Local cutter number (OCLC) ; Book number/undivided call number, CALL (RLIN) O38 2014
100 1# - MAIN ENTRY--PERSONAL NAME
Personal name Sabır, Erol
245 10 - TITLE STATEMENT
Title Okul öncesi eğitimde yaratıcı drama ve oyun destekli beslenme eğitimi
Medium [electronic resource] /
Statement of responsibility, etc. Erol Sabır
250 ## - EDITION STATEMENT
Edition statement 1. Basım
260 ## - PUBLICATION, DISTRIBUTION, ETC.
Place of publication, distribution, etc. İstanbul :
Name of publisher, distributor, etc. Pales Yayınları,
Date of publication, distribution, etc. 2014
300 ## - PHYSICAL DESCRIPTION
Extent 207 p.
650 #4 - SUBJECT ADDED ENTRY--TOPICAL TERM
Topical term or geographic name entry element Eğitim
650 #4 - SUBJECT ADDED ENTRY--TOPICAL TERM
Topical term or geographic name entry element Education
650 #0 - SUBJECT ADDED ENTRY--TOPICAL TERM
Topical term or geographic name entry element Okulöncesi eğitim
General subdivision Türkiye
650 #0 - SUBJECT ADDED ENTRY--TOPICAL TERM
Topical term or geographic name entry element Pre-school education
General subdivision Turkey
650 #0 - SUBJECT ADDED ENTRY--TOPICAL TERM
Topical term or geographic name entry element Beslenme
650 #0 - SUBJECT ADDED ENTRY--TOPICAL TERM
Topical term or geographic name entry element Nutrition
650 #7 - SUBJECT ADDED ENTRY--TOPICAL TERM
Topical term or geographic name entry element HEALTH & FITNESS / Diet & Nutrition / General
Source of heading or term bisacsh
856 40 - ELECTRONIC LOCATION AND ACCESS
Uniform Resource Identifier <a href="http://search.ebscohost.com/login.aspx?direct=true&scope=site&db=e011xww&AN=2146796">http://search.ebscohost.com/login.aspx?direct=true&scope=site&db=e011xww&AN=2146796</a>
Holdings
Withdrawn status Lost status Source of classification or shelving scheme Damaged status Not for loan Collection code Permanent Location Current Location Date acquired Total Checkouts Full call number Barcode Date last seen Price effective from Koha item type
        Online   Kıbrıs Amerikan Üniversitesi Kütüphanesi / American University of Cyprus Kıbrıs Amerikan Üniversitesi Kütüphanesi / American University of Cyprus 28.10.2020   LB1139.3.S23 O38 2014 2146796 28.10.2020 28.10.2020 E-Kitap
Devinim Yazılım Eğitim Danışmanlık tarafından Koha'nın orjinal sürümü uyarlanarak geliştirilip kurulmuştur.